A Quiz About Birds - Statistics

General Stats
  • This quiz has been taken 26 times
    21 since last reset
  • The average score is 13 of 16
Answer Stats
Hint Answer % Correct
Largest living bird that cannot fly Ostrich
100%
Bird with pouch that can hold several liters of water for fishing Pelican
95%
Bird known for delivering mail and messages in history Pigeon
95%
Large waterfowl with long neck and graceful swimming, often forms lifelong pairs Swan
95%
Bird famous for red crest and drumming on tree trunks Woodpecker
95%
Bird capable of hovering mid-air and flying backward, feeds on nectar Hummingbird
90%
Flightless bird native to New Zealand Kiwi
90%
Bird known for nocturnal hunting and rotating its head almost 360 degrees Owl
90%
Bird famous for its colorful tail feathers and courtship display Peacock
90%
Flightless aquatic bird with tuxedo-like plumage, excellent swimmer Penguin
90%
Large scavenger bird with bald head, often seen circling carcasses Vulture
85%
Tropical bird known for oversized colorful bill Toucan
80%
Bird capable of gliding thousands of miles without flapping Albatross
75%
Bird often seen standing on one leg in wetlands Flamingo
70%
Bird with distinctive red throat pouch inflated during mating Frigatebird
40%
Bird that nests in burrows dug into riverbanks Kingfisher
10%
No matching quizzes found
Score Distribution
Percent of People with Each Score
Percentile by Number Answered
Your Score History
You have not taken this quiz since the last reset